<?xml version="1.0" encoding="UTF-8"?>
<marc:record xmlns:marc="http://www.loc.gov/MARC21/slim">
   <marc:leader>00000nam a2200000 a 4500</marc:leader>
   <marc:datafield ind1="1" ind2=" " tag="100">
      <marc:subfield code="a">Cervantes, Miguel de</marc:subfield>
      <marc:subfield code="4">aut</marc:subfield>
      <marc:subfield code="e">Verfasser/-in</marc:subfield>
   </marc:datafield>
   <marc:datafield ind1=" " ind2=" " tag="653">
      <marc:subfield code="a">SPANNUNG</marc:subfield>
   </marc:datafield>
   <marc:datafield ind1="0" ind2="0" tag="245">
      <marc:subfield code="a">Don Quichotte von la Mancha</marc:subfield>
   </marc:datafield>
   <marc:datafield ind1="0" ind2="0" tag="245">
      <marc:subfield code="b">Leben und Taten des scharfsinnigen Edlen</marc:subfield>
   </marc:datafield>
   <marc:datafield ind1="0" ind2="0" tag="245">
      <marc:subfield code="c">Miguel de Cervantes</marc:subfield>
   </marc:datafield>
   <marc:datafield ind1=" " ind2="1" tag="264">
      <marc:subfield code="a">Klagenfurt</marc:subfield>
      <marc:subfield code="b">Eduard Kaiser</marc:subfield>
      <marc:subfield code="c">1990</marc:subfield>
   </marc:datafield>
   <marc:datafield ind1="1" ind2=" " tag="520">
      <marc:subfield code="a">Don Quichote ist dort, wo das Volk ist. In seiner ganzen Niedertracht, Brutalität aber auch in seiner Armut, Ausbeutung und der Ohnmacht vor dem Gesetz. Don Quichote hat ein untrügliches Gefühl für Gerechtigkeit. Das bringt ihm Ärger ein und Prügel. Doch niemand kann ihn von seiner Sicht auf die Welt heilen. Hässliches wird schön, Reales wird fantastisch und die Konvention zum absoluten Freiheitsdrang. (Verl.txt)</marc:subfield>
   </marc:datafield>
   <marc:datafield ind1=" " ind2=" " tag="500">
      <marc:subfield code="a">Nach der Übersetzung von Ludwig Tieck; neu bearbeitet von Nora Urban</marc:subfield>
   </marc:datafield>
   <marc:datafield ind1="0" ind2=" " tag="490">
      <marc:subfield code="v">0</marc:subfield>
   </marc:datafield>
   <marc:datafield ind1=" " ind2=" " tag="300">
      <marc:subfield code="a">519 S.</marc:subfield>
   </marc:datafield>
</marc:record>
